[Event "IND-chT (Women) 15th"]
[Site "Bhopal"]
[Date "2017.02.03"]
[Round "2.3"]
[White "Bindu, Saritha K"]
[Black "Shristi, Gautam"]
[Result "0-1"]
[WhiteElo "1666"]
[BlackElo "1601"]
[PlyCount "154"]
[EventDate "2017.02.02"]
[EventType "team-swiss"]
[EventRounds "7"]
[EventCountry "IND"]
[SourceTitle "CBM 176 Extra"]
[Source "ChessBase"]
[SourceDate "2017.03.02"]
[SourceVersion "1"]
[SourceVersionDate "2017.03.02"]
[SourceQuality "1"]
[WhiteTeam "LIC of India (W)"]
[BlackTeam "Madhya Pradesh (W)"]
[WhiteTeamCountry "IND"]
[BlackTeamCountry "IND"]

1. d4 d5 2. Nf3 c6 3. Bf4 Bf5 4. e3 Qb6 5. Qc1 Nd7 6. Bd3 Bg4 7. Nbd2 e6 8. 0-0 Ngf6 9. h3 Bh5 10. Ne5 Nxe5 11. Bxe5 Nd7 12. Bh2 c5 13. c3 Bd6 14. Bxd6 Qxd6 15. e4 cxd4 16. exd5 Qxd5 17. Be4 Qb5 18. cxd4 Nf6 19. Bf3 0-0 20. Bxh5 Nxh5 21. Nf3 Rac8 22. Qd2 Qf5 23. Rfc1 Nf4 24. Ne1 Qg5 25. Kh2 Nxh3 26. Qxg5 Nxg5 27. Nd3 Ne4 28. f3 Nd6 29. Rxc8 Rxc8 30. Rc1 Rxc1 31. Nxc1 Kf8 32. Kg3 Ke7 33. Kf4 Kf6 34. Nd3 h5 35. Ne5 g5+ 36. Ke3 Nf5+ 37. Kd3 h4 38. Nd7+ Ke7 39. Ne5 f6 40. Ng4 Nd6 41. b3 f5 42. Ne5 Nf7 43. Ng6+ Kf6 44. Nf8 g4 45. fxg4 fxg4 46. Ke3 Ng5 47. Kf4 h3 48. gxh3 gxh3 49. Kg3 Kf5 50. Nd7 b6 51. Nb8 Ke4 52. Nc6 a6 53. a4 a5 54. b4 axb4 55. Nxb4 Kxd4 56. Nc6+ Kc5 57. Ne5 Kd6 58. Nc4+ Kc5 59. Ne5 Kb4 60. Nd7 Ka5 61. Kh2 e5 62. Nxe5 Kxa4 63. Kg3 b5 64. Ng4 b4 65. Ne3 b3 66. Nc4 Kb4 67. Nb2 Kc3 68. Nd1+ Kd2 69. Nb2 Ke2 70. Kh2 Kf3 71. Nd3 Kg4 72. Nf2+ Kh4 73. Nd3 Nf3+ 74. Kh1 Kg3 75. Nb2 Ne1 76. Nd1 Nd3 77. Kg1 h2+ 0-1